Domov, kde je z každého rošku trošku

Bibliographic Details
Main Author: Škrabálková, Margita (Author, Photographer)
Format: Article
Language:Slovak
PhysicalDescription:Fotogr.
ISSN:1336-2208
Subjects:

MARC

LEADER 00000nab a2200000 ar4500
001 vtls009484084
003 SK-MaSNL
005 20260303053052.0
008 090317c2008 xo |||||| | ||00 b|slo
015 |a SNBRB2009/03  |2 snkbucl 
038 |a SNKBUCL 
040 |a SNKBUCL  |b slo  |c SNKBUCL  |e AACR2 
041 0 |a slo 
044 |a xo  |c SK 
080 |a 364-54  |x (437.6)  |2 2001 
100 1 |a Škrabálková, Margita  |4 aut  |4 pht  |9 842951 
245 1 0 |a Domov, kde je z každého rošku trošku  |c Margita Škrabálková 
300 |b Fotogr. 
610 2 7 |a Detský domov (Malacky, Slovensko)  |2 snkbucl  |9 1045104 
650 0 7 |a detské domovy  |2 snkbucl  |9 69524 
773 0 |t Humanita  |g Roč. XVII, č. 8-9 (2008)  |x 1336-2208 
773 0 8 |i Príl.:  |t Humanita plus  |g Č. 8-9 (2008), s. 21 
852 |a SNK  |b KIS3GCP 
999 |c 1717708  |d 1719638